000
00272nam a22001217a 4500
008
170310b xxu||||| |||| 00| 0 eng d
041
_a
eng
080
_a
611
100
_a
6
101
_a
SHM
245
_a
PRINCIPLES ANATOMY NAD PHYSIOLOGY
_c
TORTORA.G.J
942
_2
udc
_c
BK
999
_c
7416
_d
7416